00433nam a22001217a 4500008004100000040005500041080002000096245009900116260005400215300001100269650001800280653001300298230420b |||||||| |||| 00| 0 eng d aNational Science LibrarycNational Science Library a5/6.001.5bK2.1 aD.S.I.R. universities and colleges 1956-60c/ Department of scientific and industrial research aLondon: bHer Majesty's Stationery Office, c1962 a232p.  aAdminstration aResearch